Kraje w Unii Europejskiej — nagła śmierć - Statystyki

Ogólne statystyki
  • Ten quiz został rozwiązany 926 razy
  • Średni wynik to 9 z 18
Answers on the Grid
Answers color-coded by a green-red scale on the quiz's grid according to % correct below.
Polska
Litwa
Norwegia
Luksemburg
Dania
Cypr
Albania
Bułgaria
Estonia
Węgry
Malta
Andorra
Portugalia
Szwajcaria
Szwecja
Finlandia
Irlandia
Wielka Brytania
Islandia
Słowenia
Słowacja
Serbia
Rumunia
Chorwacja
Czarnogóra
Grecja
 
Statystyki odpowiedzi
Odpowiedź % Poprawnych
Polska
70%
Chorwacja
59%
Portugalia
59%
Dania
58%
Litwa
58%
Węgry
58%
Grecja
57%
Słowacja
55%
Estonia
53%
Słowenia
50%
Szwecja
47%
Luksemburg
44%
Rumunia
44%
Finlandia
43%
Bułgaria
41%
Irlandia
40%
Malta
39%
Cypr
33%
Nie znaleziono quizów pasujących do podanych kryteriów
Rozkład punktacji
Procent ludzi z każdym wynikiem
Percentyl według liczby udzielonych odpowiedzi
Twoja historia wyników
Nie rozwiązałeś tego quizu